| 000 | 00787nam a22001457a 4500 | ||
|---|---|---|---|
| 005 | 20230807103028.0 | ||
| 008 | 230803b ||||| |||| 00| 0 eng d | ||
| 050 | _aREF | ||
| 245 |
_aIntroduction to criminal investigation: a practical approach / _cRaymond W. Adofiem. |
||
| 260 |
_aAccra : _bFlash Image, |
||
| 300 |
_axiv, 192 p. : _c22 cm. |
||
| 500 | _aIncludes index. | ||
| 505 | _aContents: Unit One: General introduction: Nature and scope of criminal investigations: Learning objectives -- What constitutes a crime? -- Criminal investigation defined -- What is the difference between criminal investigation and other types of investigations? -- Major aim of criminal investigations -- Six major aspects of an investigation (steps/stages) -- Unit Two: The C.I.D. | ||
| 942 |
_2lcc _cBK |
||
| 999 |
_c9973 _d17473 |
||